[Event "ROM-ch U14 Girls"]
[Site "Calimanesti Caciulata"]
[Date "2016.04.24"]
[Round "8"]
[White "Braga, Anabella Elena"]
[Black "Cristescu, Andreea Ioana"]
[Result "0-1"]
[WhiteElo "1039"]
[BlackElo "1049"]
[PlyCount "64"]
[EventDate "2016.04.18"]
[EventType "swiss"]
[EventRounds "9"]
[EventCountry "ROU"]
[SourceTitle "CBM 172 Extra"]
[Source "ChessBase"]
[SourceDate "2016.06.21"]
[SourceVersion "1"]
[SourceVersionDate "2016.06.21"]
[SourceQuality "1"]

1. e4 c6 2. d4 d5 3. exd5 cxd5 4. Nc3 Nf6 5. Nf3 Bg4 6. h3 Bh5 7. Be2 e6 8. 0-0 Bb4 9. Bd2 0-0 10. a3 Ba5 11. b4 Bb6 12. Ne5 Bxe2 13. Qxe2 Bxd4 14. Nf3 Bb6 15. Bg5 Nc6 16. b5 Nd4 17. Nxd4 Bxd4 18. Qd3 Bb6 19. Rfe1 Re8 20. Re5 Bc7 21. Bxf6 Qxf6 22. Rh5 Qg6 23. Qxg6 hxg6 24. Rh4 Rac8 25. Ne2 Bd8 26. Rg4 Rxc2 27. Nd4 Rc4 28. Rd1 Be7 29. Nb3 Rxg4 30. hxg4 Rc8 31. a4 Rc4 32. Nd2 Rxg4 0-1